Mergers, Acquisitions, and Corporate Restructurings / Fourth Edition (Record no. 6041)
[ view plain ]
| 000 -LEADER | |
|---|---|
| fixed length control field | 01179cam a22002054a 4500 |
| 005 - ΗΜΕΡΟΜΗΝΙΑ ΚΑΙ ΩΡΑ ΤΕΛΕΥΤΑΙΑΣ ΕΝΗΜΕΡΩΣΗΣ | |
| Πεδίο ελέγχου | 20250605164231.0 |
| 008 - FIXED-LENGTH DATA ELEMENTS--GENERAL INFORMATION | |
| Πεδίο ελέγχου σταθερού μήκους | 250528s ||||||||||||||||||||||||d |
| 035 ## - SYSTEM CONTROL NUMBER | |
| System control number | 20964 |
| 020 ## - ISBN | |
| ISBN | 9780471705642 |
| 040 ## - ΠΗΓΗ ΚΑΤΑΛΟΓΟΓΡΑΦΗΣΗΣ | |
| Φορέας πρωτότυπης καταλογογράφησης | MC Athens Campus Library |
| Γλώσσα καταλογογράφησης | Ελληνικά, Μοντέρνα (1453-) |
| Modifying agency | MC Athens Campus Library |
| Κανόνες περιγραφικής καταλογογράφησης | AACR2 |
| 245 1# - ΤΙΤΛΟΣ ΚΑΙ ΔΗΛΩΣΗ ΥΠΕΥΘΥΝΟΤΗΤΑΣ | |
| Τίτλος | Mergers, Acquisitions, and Corporate Restructurings / Fourth Edition |
| 250 ## - EDITION STATEMENT | |
| Edition statement | 4th |
| 260 ## - PUBLICATION, DISTRIBUTION, ETC. | |
| Name of publisher, distributor, etc. | John Wiley And Sons, Inc, |
| Date of publication, distribution, etc. | 2007 |
| 300 ## - PHYSICAL DESCRIPTION | |
| Extent | 634 |
| 520 ## - SUMMARY, ETC. | |
| Summary, etc. | An indispensable tool in building a new generation of re-engineered companies with the power and resources to compete an a Global playing field. Preface, Background, Introduction, History of Mergers, Legal Framework, Merger Strategy, Hostile Takeovers, Antitakeover Measures, Takeover Tactics, Going Private Transactions and Leveraged Buyouts, Leveraged Buyouts, Trends in the Financing of Takeovers and Going Private Transactions, Employee Stock Ownership Plans, Corporate Restructuring, Corporate Restructuring, Restructuring in Bankruptcy, Corporate Governance, Joint Ventures and Strategic Alliances, Valuation, Tax Issues, Glossary, Index. |
| 700 1# - ΠΡΟΣΘΕΤΗ ΑΝΑΓΡΑΦΗ--ΦΥΣΙΚΟ ΠΡΟΣΩΠΟ | |
| Personal name | Gaughan Patric A |
| 9 (RLIN) | 6957 |
| 942 ## - ADDED ENTRY ELEMENTS (KOHA) | |
| Koha item type | Books |
| Τύπος τεκμηρίου | Βιβλιοθήκη | Τρέχουσα τοποθεσία | Barcode | Αριθμός εισαγωγής | Ημερομηνία απόκτησης | Ταξιθετικό σύμβολο | Αριθμός αντιτύπου | Κατάσταση απόσυρσης | Κατάσταση χαμένου | Κατάσταση κατεστραμμένου | Μη δανεισμός | Σύνολο δανεισμών | Ημερομηνία τελευταίας εμφάνισης | Η τιμή ισχύει από |
|---|---|---|---|---|---|---|---|---|---|---|---|---|---|---|
| Books | MC Athens Campus Library | MC Athens Campus Library | 9780000060402 | 6719 | 05/06/2025 | REF 658.1/6 GAU | 1 | 05/06/2025 | 05/06/2025 |